The Garden of Allah (Registro nro. 5365)

Detalles MARC
000 -ENCABEZADO
Número de control [NR] 00506nam a2200157Ia 4500
008 - DE LONGITUD FIJA DE DATOS DE ELEMENTOS - INFORMACIÓN GENERAL
Elementos de longitud fija [NR] 130821s gw gr eng
040 ## - FUENTE DE CATALOGACION [NR]
Agencia de catalogación original [NR] Co-BoUCM
Idioma de catalogación [NR] spa
041 ## - CODIGO DE IDIOMA [R]
Código de idioma para texto/pista de sonido o título separado [R] Inglés
100 ## - ASIENTO PRINCIPAL--NOMBRE PERSONAL [NR]
Nombre personal [NR] Hichens, Robert
Fechas asociadas con el nombre [NR] 1864-1950
ID Autoridad 53501
245 ## - MENCION DE TITULO [NR]
Título [NR] The Garden of Allah
Mención de responsabilidad, etc. [NR] Robert Hichens
260 ## - PUBLICACION, DISTRIBUCION, ETC. (PIE DE IMPRENTA) [R]
Lugar de publicación, distribución, etc. [R] Leipzig (Sajonia, Alemania)
Nombre del editor, distribuidor, etc. [R] Bernhard Tauchnitz
Fecha de publicación, distribución, etc. [R] [fecha desconocida]
300 ## - DESCRIPCION FISICA [R]
Extensión [R] 327 páginas
650 04 - ASIENTO SECUNDARIO DE MATERIA - TERMINO TEMATICO [R]
Término temático o nombre geográfico como elemento de entrada [NR] Literatura alemana
9 (RLIN) 18601
942 ## - ELEMENTOS DE ENTRADA AGREGADOS (KOHA)
Tipo de ítem principal el descrito en 300a Libro
Tema principal Literatura
Edición 1
Parte restante de la signatura top. H42
Sistema de clasificación DEWEY
Clasificación 830
Existencias
Fecha de último préstamo Total préstamos Signatura topográfica Código de barras Última vez visto Ejemplar Price effective from Tipo de ítem Perdido Sistema de clasificación Dañado No prestable Tipo de ítem específico Suprimido Ubicación habitual Ubicación actual Localización Fecha de creación Forma de adquisición Costo
25/04/2013 8 830 H42 100004287 09/12/2025 Ej.1 03/02/2013 Libro   DEWEY     Libro   Claustro Claustro 2do piso 28/02/2003 Compra 180.00